[Event "HUN-chT2 Charousek 1718"]
[Site "Hungary"]
[Date "2018.05.06"]
[Round "9.9"]
[White "Nemeth, Denes"]
[Black "Horvath, Sandor"]
[Result "1-0"]
[WhiteElo "2240"]
[BlackElo "2250"]
[PlyCount "73"]
[EventDate "2017.10.29"]
[EventType "team-tourn"]
[EventRounds "9"]
[EventCountry "HUN"]
[SourceTitle "EXT 2020"]
[Source "ChessBase"]
[SourceDate "2019.10.17"]
[SourceVersion "1"]
[SourceVersionDate "2019.10.17"]
[SourceQuality "1"]
[WhiteTeam "Haladas Szombathely II"]
[BlackTeam "Csuti Hydro"]
[WhiteTeamCountry "HUN"]
[BlackTeamCountry "HUN"]

1. d4 Nf6 2. c4 e6 3. g3 d5 4. Bg2 Be7 5. Nf3 0-0 6. 0-0 c6 7. Nbd2 Nbd7 8. Qc2 b6 9. e4 dxe4 10. Nxe4 Bb7 11. Rd1 Qc8 12. Nxf6+ Nxf6 13. Ne5 Nd7 14. Bf4 Nxe5 15. Bxe5 c5 16. d5 f6 17. Bc3 exd5 18. cxd5 Bd6 19. Re1 Re8 20. Rxe8+ Qxe8 21. Re1 Qf7 22. Re6 Rd8 23. Qa4 Bc8 24. Bh3 f5 25. Qh4 Rd7 26. Qg5 Be7 27. Qxf5 Qxf5 28. Bxf5 Rxd5 29. Rxe7 Bxf5 30. Rxg7+ Kf8 31. Rxa7 b5 32. a3 h5 33. Kg2 h4 34. f3 h3+ 35. Kf2 Be6 36. g4 Rd3 37. Rh7 1-0

[Event "HUN-chT2 Szechenyi 1617"]
[Site "Hungary"]
[Date "2016.10.09"]
[Round "2"]
[White "Tako, Helga"]
[Black "Nemeth, Denes"]
[Result "0-1"]
[WhiteElo "1962"]
[BlackElo "2232"]
[PlyCount "94"]
[EventDate "2016.09.25"]
[EventType "team-tourn"]
[EventRounds "11"]
[EventCountry "HUN"]
[SourceTitle "EXT 2021"]
[Source "ChessBase"]
[SourceDate "2020.10.23"]
[SourceVersion "1"]
[SourceVersionDate "2020.10.23"]
[SourceQuality "1"]
[WhiteTeam "Arboretum"]
[BlackTeam "Haladas Szombathely III"]
[WhiteTeamCountry "HUN"]
[BlackTeamCountry "HUN"]

1. e4 c5 2. Nc3 Nc6 3. Nf3 g6 4. Bc4 Bg7 5. d3 Nf6 6. h3 d6 7. Be3 0-0 8. 0-0 b6 9. Nh2 e6 10. Bb5 Bb7 11. f4 d5 12. e5 d4 13. exf6 Bxf6 14. Bd2 dxc3 15. bxc3 Ne7 16. Ng4 Bg7 17. Ne3 a6 18. Bc4 b5 19. Bb3 b4 20. Qe1 Nd5 21. Nxd5 exd5 22. Rb1 Re8 23. Qg3 bxc3 24. Be1 Re3 25. Qh4 Qd7 26. Bf2 Re2 27. Bxc5 d4 28. Rf2 Rae8 29. Qg4 Re1+ 30. Rxe1 Rxe1+ 31. Rf1 Rxf1+ 32. Kxf1 Qc6 33. Bb4 Bh6 34. Ba3 a5 35. Be7 a4 36. Bc4 Qb6 37. Qe2 Bxf4 38. Bh4 Be3 39. Qe1 h6 40. Qd1 Qd6 41. Qg4 h5 42. Qg3 Bf4 43. Qe1 Qc6 44. Bxf7+ Kg7 45. Qf2 Be3 46. Qf3 Qxf3+ 47. gxf3 Kxf7 0-1

[Event "HUN-chT2 Charousek 1516"]
[Site "Hungary"]
[Date "2016.02.14"]
[Round "5.6"]
[White "Seres, Bela"]
[Black "Nemeth, Denes"]
[Result "1/2-1/2"]
[WhiteElo "2221"]
[BlackElo "2228"]
[PlyCount "21"]
[EventDate "2015.10.18"]
[EventType "team-tourn"]
[EventRounds "9"]
[EventCountry "HUN"]
[SourceTitle "EXT 2017"]
[Source "ChessBase"]
[SourceDate "2016.10.25"]
[SourceVersion "1"]
[SourceVersionDate "2016.10.25"]
[SourceQuality "1"]
[WhiteTeam "Hobagoly"]
[BlackTeam "Haladas II"]
[WhiteTeamCountry "HUN"]
[BlackTeamCountry "HUN"]

1. e4 c5 2. Nf3 d6 3. d4 cxd4 4. Nxd4 Nf6 5. Nc3 g6 6. Be3 Bg7 7. Be2 0-0 8. 0-0 Nc6 9. Nb3 Be6 10. f4 Na5 11. Kh1 1/2-1/2

[Event "HUN-chT2 Charousek 1516"]
[Site "Hungary"]
[Date "2015.11.29"]
[Round "3.7"]
[White "Nemeth, Denes"]
[Black "Kosztolanczi, Gyula"]
[Result "0-1"]
[WhiteElo "2234"]
[BlackElo "2144"]
[PlyCount "100"]
[EventDate "2015.10.18"]
[EventType "team-tourn"]
[EventRounds "9"]
[EventCountry "HUN"]
[SourceTitle "CBM 170 Extra"]
[Source "ChessBase"]
[SourceDate "2016.02.25"]
[SourceVersion "1"]
[SourceVersionDate "2016.02.25"]
[SourceQuality "1"]
[WhiteTeam "Haladas II"]
[BlackTeam "Tapolca Rockwool"]
[WhiteTeamCountry "HUN"]
[BlackTeamCountry "HUN"]

1. d4 Nf6 2. c4 g6 3. Nf3 Bg7 4. g3 d6 5. Bg2 0-0 6. 0-0 c5 7. dxc5 dxc5 8. Ne5 Nbd7 9. Nd3 Qc7 10. Nc3 a6 11. Qc2 Rb8 12. e4 e5 13. f4 b6 14. fxe5 Ng4 15. Nd5 Qd8 16. Nf6+ Ndxf6 17. exf6 Bxf6 18. Bf4 Bd4+ 19. Kh1 Ne3 20. Bxe3 Bxe3 21. Ne5 Qe8 22. Nf3 Bb7 23. Qb3 Bh6 24. Qxb6 Bxe4 25. Qxc5 Rxb2 26. Rae1 Qa8 27. Qd4 Rxg2 28. Kxg2 f5 29. Qc3 g5 30. Kg1 Rd8 31. Qf6 Bg7 32. Qxg5 Rd3 33. Ne5 Qa7+ 34. Rf2 h6 35. Qf4 Rc3 36. Ref1 Qd4 37. Ng6 Rf3 38. Qd2 Qb6 39. Ne7+ Kh7 40. Nd5 Qc5 41. Ne3 Qxe3 42. Qxe3 Rxe3 43. Rc1 Bd4 44. Kf1 Bd3+ 45. Kg2 Re4 46. Rf3 Re2+ 47. Kh3 Be4 48. Rb3 Bg2+ 49. Kh4 Kg6 50. g4 Bf2+ 0-1

[Event "HUN-chT2 Szechenyi 1415"]
[Site "Hungary"]
[Date "2015.04.26"]
[Round "11.4"]
[White "Varga, Gyula"]
[Black "Nemeth, Denes"]
[Result "0-1"]
[WhiteElo "1921"]
[BlackElo "2235"]
[PlyCount "90"]
[EventDate "2014.09.07"]
[EventType "team-tourn"]
[EventRounds "11"]
[EventCountry "HUN"]
[SourceTitle "EXT 2016"]
[Source "ChessBase"]
[SourceDate "2015.10.08"]
[SourceVersion "1"]
[SourceVersionDate "2015.10.08"]
[SourceQuality "1"]
[WhiteTeam "Papa"]
[BlackTeam "HVSE Infraplan"]
[WhiteTeamCountry "HUN"]
[BlackTeamCountry "HUN"]

1. d4 Nf6 2. Nf3 e6 3. Bg5 Be7 4. e3 0-0 5. Be2 b6 6. 0-0 Bb7 7. c4 d6 8. Nc3 Nbd7 9. Qc2 c5 10. Rac1 a6 11. Rfd1 Rc8 12. b3 Qc7 13. Bf4 Nh5 14. Bg3 Nxg3 15. hxg3 Nf6 16. dxc5 Qxc5 17. Nd2 Rfd8 18. Bf3 Bxf3 19. gxf3 d5 20. Qb1 dxc4 21. Nce4 Nxe4 22. Nxe4 Rxd1+ 23. Rxd1 Qf5 24. bxc4 Qxf3 25. Rd7 Rd8 26. Rxd8+ Bxd8 27. Qd3 Be7 28. a4 a5 29. Qd4 h6 30. Nd6 Qc6 31. Nb5 Bf6 32. Qd3 h5 33. e4 Qc5 34. Kg2 Qb4 35. Qc2 g5 36. Qe2 Qxa4 37. e5 Bg7 38. Qxh5 Qxc4 39. Nd6 Qc6+ 40. Kf1 Qd7 41. Qxg5 a4 42. f4 a3 43. f5 a2 44. f6 a1Q+ 45. Ke2 Qb2+ 0-1

[Event "HUN-chT2 Szechenyi 1415"]
[Site "Hungary"]
[Date "2014.11.16"]
[Round "4.2"]
[White "Nemeth, Denes"]
[Black "Jonas, Zsolt"]
[Result "0-1"]
[WhiteElo "2235"]
[BlackElo "2108"]
[PlyCount "152"]
[EventDate "2014.09.07"]
[EventType "team-tourn"]
[EventRounds "11"]
[EventCountry "HUN"]
[SourceTitle "EXT 2016"]
[Source "ChessBase"]
[SourceDate "2015.10.08"]
[SourceVersion "1"]
[SourceVersionDate "2015.10.08"]
[SourceQuality "1"]
[WhiteTeam "HVSE Infraplan"]
[BlackTeam "Veszprem"]
[WhiteTeamCountry "HUN"]
[BlackTeamCountry "HUN"]

1. d4 Nf6 2. c4 g6 3. Nf3 d6 4. g3 Bg7 5. Bg2 Nbd7 6. 0-0 e5 7. Nc3 0-0 8. h3 c6 9. e4 Re8 10. Re1 Qc7 11. Be3 Nb6 12. b3 exd4 13. Nxd4 Bd7 14. Qd2 Rad8 15. Rad1 Bc8 16. Kh2 Nbd7 17. f4 Nc5 18. Bf2 Ne6 19. Nf3 Nh5 20. Qc2 Qa5 21. Ne2 Nf6 22. Ned4 Nc5 23. Nd2 Na6 24. a3 Qh5 25. N2f3 Ng4+ 26. Kg1 Nxf2 27. Kxf2 Qc5 28. b4 Qb6 29. Kg1 c5 30. bxc5 Qxc5 31. Kh2 Nc7 32. Qb3 Ne6 33. Nb5 a6 34. Nc3 Qh5 35. Rd5 Qh6 36. e5 Nxf4 37. gxf4 Qxf4+ 38. Kh1 Bxh3 39. Bxh3 Qxf3+ 40. Bg2 Qh5+ 41. Kg1 Bxe5 42. Ne4 Qh4 43. Kf1 Kg7 44. Re3 b5 45. cxb5 axb5 46. Rf3 f5 47. Nf2 Qc4+ 48. Rfd3 Rb8 49. Qd1 Bc3 50. Rxd6 Re1+ 51. Qxe1 Bxe1 52. Kxe1 Qc1+ 53. Nd1 Re8+ 54. Kf2 Qf4+ 55. Bf3 Qh2+ 56. Kf1 Rc8 57. Nf2 Rc1+ 58. Bd1 Rc4 59. Rd7+ Kf6 60. R7d6+ Kg5 61. Nh3+ Kh6 62. Ng1 Rh4 63. Bf3 Rf4 64. Rd2 Qg3 65. R6d3 Rh4 66. Bg2 Qc7 67. Nf3 Rf4 68. Bh1 Qc4 69. Kf2 g5 70. Rd6+ Kh5 71. Kg1 Qc1+ 72. Kg2 Rxf3 73. Kxf3 Qxh1+ 74. Ke2 g4 75. R6d5 Qf3+ 76. Ke1 g3 0-1

[Event "HUN-chT2 Szechenyi 1415"]
[Site "Hungary"]
[Date "2014.09.07"]
[Round "1.7"]
[White "Hadrik, Csaba"]
[Black "Nemeth, Denes"]
[Result "1/2-1/2"]
[WhiteElo "1955"]
[BlackElo "2235"]
[PlyCount "51"]
[EventDate "2014.09.07"]
[EventType "team-tourn"]
[EventRounds "11"]
[EventCountry "HUN"]
[SourceTitle "EXT 2016"]
[Source "ChessBase"]
[SourceDate "2015.10.08"]
[SourceVersion "1"]
[SourceVersionDate "2015.10.08"]
[SourceQuality "1"]
[WhiteTeam "Sarvar"]
[BlackTeam "HVSE Infraplan"]
[WhiteTeamCountry "HUN"]
[BlackTeamCountry "HUN"]

1. c4 c5 2. Nc3 b6 3. Nf3 Bb7 4. e3 Nf6 5. g3 e6 6. Bg2 Be7 7. 0-0 0-0 8. d4 cxd4 9. exd4 d5 10. cxd5 Nxd5 11. Nxd5 Bxd5 12. b3 Nc6 13. Bb2 Bf6 14. Rc1 Rc8 15. Qd3 Bxf3 16. Bxf3 Nxd4 17. Rxc8 Qxc8 18. Be4 h6 19. Rc1 Qd7 20. Bxd4 Bxd4 21. Qc4 Rd8 22. Kg2 Qe7 23. Qc7 Qxc7 24. Rxc7 Bc5 25. Rxa7 f5 26. Ra8 1/2-1/2

[Event "HUN-chT2 Charousek 1314"]
[Site "Hungary"]
[Date "2014.04.13"]
[Round "10"]
[White "Horvath, Tamas4444"]
[Black "Nemeth, Denes"]
[Result "0-1"]
[WhiteElo "2204"]
[BlackElo "2284"]
[PlyCount "48"]
[EventDate "2013.09.08"]
[EventType "team-tourn"]
[EventRounds "11"]
[EventCountry "HUN"]
[SourceTitle "EXT 2016"]
[Source "ChessBase"]
[SourceDate "2015.10.08"]
[SourceVersion "1"]
[SourceVersionDate "2015.10.08"]
[SourceQuality "1"]
[WhiteTeam "Gyor Elektromos"]
[BlackTeam "Szombathely Haladas II"]
[WhiteTeamCountry "HUN"]
[BlackTeamCountry "HUN"]

1. Nf3 Nf6 2. c4 c5 3. g3 Nc6 4. Bg2 g6 5. 0-0 Bg7 6. Nc3 0-0 7. d4 cxd4 8. Nxd4 Nxd4 9. Qxd4 d6 10. Qd2 Qc7 11. Nd5 Nxd5 12. cxd5 b6 13. Rb1 Ba6 14. Rd1 Qc4 15. b4 Bc3 16. Qh6 Qxa2 17. Bg5 Bxe2 18. Re1 Bxe1 19. Rxe1 f6 20. Bf1 Qxd5 21. Bg2 Qxg5 22. Qxg5 fxg5 23. Bxa8 Rxa8 24. Rxe2 Kf7 0-1

[Event "HUN-chT2 Charousek 1314"]
[Site "Hungary"]
[Date "2014.03.02"]
[Round "8"]
[White "Biro, Sandor"]
[Black "Nemeth, Denes"]
[Result "0-1"]
[WhiteElo "2270"]
[BlackElo "2284"]
[PlyCount "73"]
[EventDate "2013.09.08"]
[EventType "team-tourn"]
[EventRounds "11"]
[EventCountry "HUN"]
[SourceTitle "EXT 2016"]
[Source "ChessBase"]
[SourceDate "2015.10.08"]
[SourceVersion "1"]
[SourceVersionDate "2015.10.08"]
[SourceQuality "1"]
[WhiteTeam "Alsoszolnok"]
[BlackTeam "Szombathely Haladas II"]
[WhiteTeamCountry "HUN"]
[BlackTeamCountry "HUN"]

1. e4 c5 2. Nf3 d6 3. c3 Nf6 4. Be2 Nc6 5. d4 cxd4 6. cxd4 d5 7. exd5 Nxd5 8. Nc3 e6 9. 0-0 Be7 10. Bc4 Nxc3 11. bxc3 0-0 12. Qe2 Qc7 13. Bd3 Bf6 14. Qe4 g6 15. Bf4 Qa5 16. Bh6 Rd8 17. Qf4 Bg7 18. Bxg7 Kxg7 19. Rab1 Qxc3 20. Rb3 Qa5 21. Rb5 Qa3 22. Bb1 Qd6 23. Qh4 Qe7 24. Qe4 Qf6 25. Rd1 Ne7 26. Ne5 Rd5 27. Rb3 Nf5 28. f4 b6 29. g4 Nd6 30. Qf3 h6 31. Qg3 Bb7 32. g5 hxg5 33. fxg5 Qe7 34. Ng4 Rxg5 35. h4 Nf5 36. Qf4 Rh5 37. Rg3 0-1

[Event "HUN-chT2 Charousek 1314"]
[Site "Hungary"]
[Date "2014.02.02"]
[Round "6"]
[White "Orso, Miklos"]
[Black "Nemeth, Denes"]
[Result "1-0"]
[WhiteElo "2328"]
[BlackElo "2284"]
[PlyCount "75"]
[EventDate "2013.09.08"]
[EventType "team-tourn"]
[EventRounds "11"]
[EventCountry "HUN"]
[SourceTitle "EXT 2016"]
[Source "ChessBase"]
[SourceDate "2015.10.08"]
[SourceVersion "1"]
[SourceVersionDate "2015.10.08"]
[SourceQuality "1"]
[WhiteTeam "Nagykanizsa II"]
[BlackTeam "Szombathely Haladas II"]
[WhiteTeamCountry "HUN"]
[BlackTeamCountry "HUN"]

1. d4 Nf6 2. c4 e6 3. Nf3 b6 4. g3 Ba6 5. b3 Bb7 6. Bg2 Bb4+ 7. Bd2 a5 8. 0-0 0-0 9. a3 Be7 10. Nc3 Ne4 11. Qc2 Nxc3 12. Bxc3 d6 13. Ng5 Bxg5 14. Bxb7 Ra7 15. Bg2 c6 16. b4 a4 17. Qb2 d5 18. b5 Qd7 19. bxc6 Qxc6 20. cxd5 exd5 21. e3 Nd7 22. Rfc1 Rd8 23. Rab1 Qh6 24. Bd2 Be7 25. Qa2 Nf6 26. Rxb6 Qh5 27. Rb5 Raa8 28. e4 Rac8 29. Re1 Qg6 30. Ba5 Re8 31. e5 Ng4 32. Bxd5 Rc2 33. Bxf7+ Qxf7 34. Qxc2 Rf8 35. f4 Qh5 36. Re2 Bxa3 37. Qa2+ Kh8 38. Qxa3 1-0

[Event "AUT-chT2O 1314"]
[Site "Austria"]
[Date "2014.01.26"]
[Round "7.4"]
[White "Nemeth, Denes"]
[Black "Theissl Pokorna, Regina"]
[Result "0-1"]
[WhiteElo "2275"]
[BlackElo "2343"]
[PlyCount "76"]
[EventDate "2013.10.05"]
[EventType "team-tourn"]
[EventRounds "11"]
[EventCountry "AUT"]
[SourceTitle "EXT 2015"]
[Source "ChessBase"]
[SourceDate "2014.11.20"]
[SourceVersion "1"]
[SourceVersionDate "2014.11.20"]
[SourceQuality "1"]
[WhiteTeam "Ternitz"]
[BlackTeam "Austria"]
[WhiteTeamCountry "AUT"]
[BlackTeamCountry "AUT"]

1. d4 Nf6 2. Nf3 e6 3. g3 d5 4. Bg2 c5 5. 0-0 Nc6 6. c4 dxc4 7. Qa4 Bd7 8. Qxc4 b5 9. Qd3 c4 10. Qd1 Rc8 11. Ne5 Nxe5 12. dxe5 Ng4 13. Qd4 h5 14. h3 Bc5 15. Qf4 Nh6 16. Nc3 f5 17. exf6 Qxf6 18. Ne4 Qxf4 19. Bxf4 Nf7 20. Rfd1 Be7 21. Nd6+ Nxd6 22. Bxd6 Bc6 23. Rd4 Bf6 24. Bxc6+ Rxc6 25. Rd2 Kf7 26. Bb4 Rd8 27. Rxd8 Bxd8 28. a4 Ra6 29. a5 Bf6 30. Rb1 Be7 31. Bd2 b4 32. Rc1 Rc6 33. Be3 Bf6 34. Rc2 b3 35. Rd2 c3 36. bxc3 Bxc3 37. Rd1 b2 38. Rb1 Ra6 0-1

[Event "HUN-chT2 Charousek 1314"]
[Site "Hungary"]
[Date "2013.09.22"]
[Round "2"]
[White "Kun, Gabor"]
[Black "Nemeth, Denes"]
[Result "1/2-1/2"]
[WhiteElo "2343"]
[BlackElo "2284"]
[PlyCount "84"]
[EventDate "2013.09.08"]
[EventType "team-tourn"]
[EventRounds "11"]
[EventCountry "HUN"]
[SourceTitle "EXT 2016"]
[Source "ChessBase"]
[SourceDate "2015.10.08"]
[SourceVersion "1"]
[SourceVersionDate "2015.10.08"]
[SourceQuality "1"]
[WhiteTeam "Taban Spartacus"]
[BlackTeam "Szombathely Haladas II"]
[WhiteTeamCountry "HUN"]
[BlackTeamCountry "HUN"]

1. e4 c5 2. c3 d5 3. exd5 Qxd5 4. d4 Nc6 5. Nf3 Bg4 6. Be2 0-0-0 7. 0-0 Nf6 8. Be3 e5 9. c4 Qd7 10. d5 Bxf3 11. Bxf3 Nd4 12. Bxd4 exd4 13. Nd2 g5 14. Ne4 Nxe4 15. Bxe4 f5 16. Bd3 Bd6 17. Qh5 Rde8 18. Rae1 Be5 19. Re2 Rhf8 20. Rfe1 Qg7 21. Bxf5+ Kd8 22. Qxh7 Qxh7 23. Bxh7 Bxh2+ 24. Kxh2 Rxe2 25. Rxe2 Rh8 26. Kg3 Rxh7 27. b3 Rh4 28. f3 a6 29. Kf2 b5 30. Re4 Rh1 31. Re6 bxc4 32. bxc4 Rc1 33. Rxa6 Rxc4 34. Ke2 Rc2+ 35. Kd3 Rxg2 36. d6 Kd7 37. Kc4 Ke6 38. Kxc5 d3 39. Ra3 Rc2+ 40. Kd4 d2 41. Rd3 Rxa2 42. Kc4 Kd7 1/2-1/2

[Event "SVK-ch op"]
[Site "Banska Stiavnica"]
[Date "2013.07.11"]
[Round "6"]
[White "Hros, Roman"]
[Black "Nemeth, Denes"]
[Result "0-1"]
[WhiteElo "1982"]
[BlackElo "2257"]
[PlyCount "46"]
[EventDate "2013.07.06"]
[EventType "swiss"]
[EventRounds "9"]
[EventCountry "SVK"]
[SourceTitle "CBM 155 Extra"]
[Source "ChessBase"]
[SourceDate "2013.08.26"]
[SourceVersion "1"]
[SourceVersionDate "2013.08.26"]
[SourceQuality "1"]

1. e4 c5 2. Nf3 d6 3. d4 cxd4 4. Nxd4 Nf6 5. Nc3 g6 6. Be3 Bg7 7. Be2 0-0 8. 0-0 Nc6 9. Nb3 Be6 10. f4 Rc8 11. f5 Bd7 12. Qe1 Ne5 13. Qh4 b5 14. Nd4 Nc4 15. Bxc4 Rxc4 16. Rae1 Qa5 17. Nb3 Qc7 18. Nd4 Qb7 19. Rf3 b4 20. Nd5 Nxd5 21. fxg6 hxg6 22. exd5 Qxd5 23. Qxe7 Bg4 0-1

[Event "SVK-ch op"]
[Site "Banska Stiavnica"]
[Date "2013.07.10"]
[Round "5"]
[White "Nemeth, Denes"]
[Black "Nagy, Gabor"]
[Result "0-1"]
[WhiteElo "2257"]
[BlackElo "2449"]
[PlyCount "70"]
[EventDate "2013.07.06"]
[EventType "swiss"]
[EventRounds "9"]
[EventCountry "SVK"]
[SourceTitle "CBM 155 Extra"]
[Source "ChessBase"]
[SourceDate "2013.08.26"]
[SourceVersion "1"]
[SourceVersionDate "2013.08.26"]
[SourceQuality "1"]

1. Nf3 Nf6 2. g3 d5 3. Bg2 e6 4. 0-0 Be7 5. d3 c5 6. c4 0-0 7. Nc3 d4 8. Ne4 Ne8 9. Qb3 Nc6 10. e3 e5 11. exd4 cxd4 12. Re1 Nc7 13. Qc2 f5 14. Ned2 Bf6 15. c5 Be6 16. Nc4 e4 17. dxe4 d3 18. Qa4 fxe4 19. Rxe4 Bd5 20. Re1 b5 21. cxb6 axb6 22. Qb3 b5 23. Qxd3 Bxc4 24. Qe4 Bd5 25. Qg4 Qc8 26. Qh5 g6 27. Qh6 Bg7 28. Qe3 Qf5 29. Nh4 Qf7 30. Rd1 Bxg2 31. Nxg2 Bd4 32. Rxd4 Nxd4 33. Qxd4 Rad8 34. Qe3 Rd1+ 35. Ne1 Re8 0-1

[Event "SVK-ch op"]
[Site "Banska Stiavnica"]
[Date "2013.07.09"]
[Round "4"]
[White "Istok, Bela"]
[Black "Nemeth, Denes"]
[Result "0-1"]
[WhiteElo "1952"]
[BlackElo "2257"]
[PlyCount "92"]
[EventDate "2013.07.06"]
[EventType "swiss"]
[EventRounds "9"]
[EventCountry "SVK"]
[SourceTitle "CBM 155 Extra"]
[Source "ChessBase"]
[SourceDate "2013.08.26"]
[SourceVersion "1"]
[SourceVersionDate "2013.08.26"]
[SourceQuality "1"]

1. e4 c5 2. Nf3 d6 3. d4 cxd4 4. Nxd4 Nf6 5. Nc3 g6 6. Be3 Bg7 7. f3 0-0 8. Qd2 Nc6 9. 0-0-0 Bd7 10. g4 Rc8 11. h4 Ne5 12. h5 Qa5 13. Nb3 Qc7 14. Be2 b5 15. Kb1 Nc4 16. Bxc4 bxc4 17. Nd4 Rb8 18. hxg6 fxg6 19. Bh6 Bxh6 20. Qxh6 Qa5 21. Nd5 Rf7 22. Nxf6+ exf6 23. Qe3 Qb4 24. b3 a5 25. Rh2 Qc5 26. Ka1 a4 27. Re2 axb3 28. cxb3 cxb3 29. Nxb3 Qa3 30. Nd4 Qa4 31. Red2 Be8 32. Ne2 Rfb7 33. Nc3 Qb4 34. Qd4 Qxd4 35. Rxd4 Rc8 36. Nd5 Kg7 37. Ne3 Bf7 38. Rxd6 Ra7 39. R1d2 Rc3 40. Nd5 Rxf3 41. Rg2 Ra4 42. g5 fxg5 43. e5 Re4 44. Rxg5 Rf2 45. Rg1 Rxe5 46. Nc3 Rc2 0-1

[Event "SVK-ch op"]
[Site "Banska Stiavnica"]
[Date "2013.07.07"]
[Round "2"]
[White "Gledura, Benjamin"]
[Black "Nemeth, Denes"]
[Result "0-1"]
[WhiteElo "2421"]
[BlackElo "2257"]
[PlyCount "104"]
[EventDate "2013.07.06"]
[EventType "swiss"]
[EventRounds "9"]
[EventCountry "SVK"]
[SourceTitle "CBM 155 Extra"]
[Source "ChessBase"]
[SourceDate "2013.08.26"]
[SourceVersion "1"]
[SourceVersionDate "2013.08.26"]
[SourceQuality "1"]

1. e4 c5 2. Nf3 d6 3. d4 cxd4 4. Nxd4 Nf6 5. Nc3 g6 6. Be3 Bg7 7. f3 0-0 8. Qd2 Nc6 9. g4 Bd7 10. 0-0-0 Rc8 11. h4 Ne5 12. Kb1 h5 13. gxh5 Nxh5 14. Rg1 b5 15. f4 b4 16. Nd5 Ng4 17. Be2 Nxe3 18. Qxe3 e6 19. Bxh5 exd5 20. f5 Qxh4 21. Bf3 dxe4 22. Be2 d5 23. Rh1 Qf6 24. fxg6 fxg6 25. Qb3 Qe5 26. Rhg1 Be8 27. Qh3 Rc6 28. Rh1 Rf2 29. Qe3 Rcf6 30. Rhg1 Qf4 31. Qb3 Qe5 32. Qe3 Rf8 33. Bg4 R2f6 34. Qh3 Bf7 35. Rh1 Re8 36. Be2 Rf2 37. Bb5 Rb8 38. Bd7 Rd8 39. Qh4 Qf6 40. Qh3 Rf3 41. Qh7+ Kf8 42. Ba4 e3 43. Qh2 Rf4 44. c3 bxc3 45. bxc3 Rb8+ 46. Bb3 a5 47. Ka1 Rc8 48. Qb2 Qb6 49. Rhf1 Rxf1 50. Rxf1 Qa6 51. Rf3 Kg8 52. Rxe3 Bxd4 0-1

[Event "SVK-ch op"]
[Site "Banska Stiavnica"]
[Date "2013.07.06"]
[Round "1"]
[White "Nemeth, Denes"]
[Black "Bakalar, Jan"]
[Result "1-0"]
[WhiteElo "2257"]
[BlackElo "2042"]
[PlyCount "91"]
[EventDate "2013.07.06"]
[EventType "swiss"]
[EventRounds "9"]
[EventCountry "SVK"]
[SourceTitle "CBM 155 Extra"]
[Source "ChessBase"]
[SourceDate "2013.08.26"]
[SourceVersion "1"]
[SourceVersionDate "2013.08.26"]
[SourceQuality "1"]

1. d4 Nf6 2. c4 e6 3. g3 d5 4. Bg2 c6 5. Qc2 Nbd7 6. Nf3 Bb4+ 7. Bd2 Qe7 8. 0-0 Bxd2 9. Nbxd2 0-0 10. e4 dxe4 11. Nxe4 Nxe4 12. Qxe4 Qb4 13. b3 Nf6 14. Qe2 a5 15. Ne5 a4 16. Nd3 Qd6 17. Qe5 Rd8 18. Nc5 axb3 19. axb3 Rb8 20. Rfd1 Ne8 21. Qe2 Qc7 22. Ra7 Qd6 23. Ne4 Qc7 24. Qh5 h6 25. Nc5 Qd6 26. Qf3 Nf6 27. h4 Nd7 28. Raa1 e5 29. Ne4 Qe7 30. d5 cxd5 31. Rxd5 Nf8 32. Rad1 Rxd5 33. Rxd5 Bd7 34. Qc3 f6 35. Nd6 Bc6 36. Rd1 Bxg2 37. Kxg2 g6 38. h5 b6 39. hxg6 Nxg6 40. Qd3 Nf8 41. Qf5 Rd8 42. Qg4+ Kh7 43. Qe4+ Ng6 44. Nf5 Qe8 45. Rxd8 Qxd8 46. Qb7+ 1-0

[Event "HUN-chT2 Charousek 1213"]
[Site "Hungary"]
[Date "2013.04.07"]
[Round "10"]
[White "Nemeth, Denes"]
[Black "Orosz, Andras1111"]
[Result "1/2-1/2"]
[WhiteElo "2221"]
[BlackElo "2060"]
[PlyCount "175"]
[EventDate "2012.09.16"]
[EventType "team-tourn"]
[EventRounds "11"]
[EventCountry "HUN"]
[SourceTitle "EXT 2014"]
[Source "ChessBase"]
[SourceDate "2013.11.20"]
[SourceVersion "1"]
[SourceVersionDate "2013.11.20"]
[SourceQuality "1"]
[WhiteTeam "Haladas II"]
[BlackTeam "Gyor"]
[WhiteTeamCountry "HUN"]
[BlackTeamCountry "HUN"]

1. d4 Nf6 2. c4 e6 3. g3 d5 4. Bg2 Be7 5. Nf3 0-0 6. 0-0 dxc4 7. Na3 Bxa3 8. bxa3 Nd5 9. Qc2 b5 10. Ng5 g6 11. e4 Nb6 12. e5 Nd5 13. Ne4 Nd7 14. Bh6 Bb7 15. Bxf8 Qxf8 16. a4 a6 17. Rab1 Bc6 18. h4 N7b6 19. Nf6+ Kg7 20. axb5 axb5 21. h5 Qa3 22. Qd2 Qxa2 23. h6+ Kf8 24. Nxh7+ Kg8 25. Nf6+ Nxf6 26. Qxa2 Rxa2 27. Bxc6 Ng4 28. Bxb5 Nxh6 29. Rbc1 Rd2 30. Rfd1 Rxd1+ 31. Rxd1 c3 32. Rc1 Nf5 33. Rxc3 Nxd4 34. Rxc7 Nxb5 35. Rb7 Nd4 36. Rxb6 Nf3+ 37. Kg2 Nxe5 38. f4 Nd7 39. Rd6 Nf6 40. Kf3 Kg7 41. g4 Nd5 42. g5 Ne7 43. Ke4 Nf5 44. Rd7 Ng3+ 45. Ke5 Nf5 46. Ra7 Ne3 47. Kd6 Nd5 48. Ra4 Nc3 49. Rc4 Nd5 50. Rd4 Kf8 51. Kd7 Nb6+ 52. Kc7 Nd5+ 53. Kd8 Ne7 54. Rd1 Nd5 55. Rd4 Ne7 56. Rc4 Nd5 57. Ra4 Nb6 58. Rd4 Nd5 59. Kd7 Nb6+ 60. Kd6 Nd5 61. Ke5 Kg7 62. Ra4 Ne3 63. Ra8 Nc4+ 64. Kd4 Nb6 65. Rd8 Nd5 66. Ke5 Ne3 67. Rd7 Nd5 68. Ra7 Kf8 69. Ra8+ Kg7 70. Re8 Ne3 71. Re7 Nc4+ 72. Kd4 Nb6 73. Rb7 Nd5 74. Ke5 Ne3 75. Kd6 Nd5 76. Kd7 Kf8 77. Rb8+ Kg7 78. Ke8 Nc7+ 79. Kd7 Nd5 80. Rb7 Kf8 81. Ra7 Nxf4 82. Ra8+ Kg7 83. Ke8 Nh3 84. Ra5 Kg8 85. Ke7 Kg7 86. Ke8 Kg8 87. Rc5 Kg7 88. Ke7 1/2-1/2

[Event "HUN-chT2 Charousek 1213"]
[Site "Hungary"]
[Date "2013.03.03"]
[Round "8"]
[White "Nemeth, Denes"]
[Black "Horvath, Imre2222"]
[Result "1-0"]
[WhiteElo "2221"]
[BlackElo "1916"]
[PlyCount "57"]
[EventDate "2012.09.16"]
[EventType "team-tourn"]
[EventRounds "11"]
[EventCountry "HUN"]
[SourceTitle "EXT 2014"]
[Source "ChessBase"]
[SourceDate "2013.11.20"]
[SourceVersion "1"]
[SourceVersionDate "2013.11.20"]
[SourceQuality "1"]
[WhiteTeam "Haladas II"]
[BlackTeam "Alsoszolnok"]
[WhiteTeamCountry "HUN"]
[BlackTeamCountry "HUN"]

1. d4 d5 2. c4 c6 3. Nf3 e6 4. Nbd2 Nf6 5. g3 Nbd7 6. Bg2 Qc7 7. 0-0 c5 8. Qc2 cxd4 9. Nxd4 a6 10. b3 h5 11. e4 e5 12. cxd5 Bc5 13. b4 exd4 14. bxc5 Qxc5 15. Qxc5 Nxc5 16. Bb2 d3 17. Rac1 Ncd7 18. Ba3 h4 19. Rfe1 hxg3 20. hxg3 Ng4 21. e5 Nb6 22. Rc7 Na4 23. Re7+ Kd8 24. Rxf7 Nc3 25. Bf3 Nh2 26. e6 Nxf3+ 27. Nxf3 Ne2+ 28. Rxe2 dxe2 29. e7+ 1-0